| 000 | 01050cam a22002417a 4500 | ||
|---|---|---|---|
| 001 | 2928693 | ||
| 005 | 19920805150149.1 | ||
| 008 | 890817s1989 dcuab 000 0 eng | ||
| 010 | _a 89062967 | ||
| 020 | _a0309040957 | ||
| 040 |
_aDLC _cDLC _dDLC |
||
| 050 | 0 | 0 | _aMLCM 92/11618 (T) |
| 082 |
_222 _a628.3 _bCON |
||
| 245 | 0 | 0 |
_aContaminated marine sediments : _bassessment and remediation / _cCommittee on Contaminated Marine Sediments, Marine Board, Commission on Engineering and Technical Systems, National Research Council. |
| 260 |
_aWashington, D.C. : _bNational Academy Press, _c1989. |
||
| 300 |
_axi, 493 p. : _bill., maps ; _c28 cm. |
||
| 650 |
_97937 _aSewage |
||
| 650 |
_97938 _aWater pollution |
||
| 710 | 2 |
_aNational Research Council (U.S.). _bCommittee on Contaminated Marine Sediments. _97939 |
|
| 942 |
_2ddc _cBB |
||
| 999 |
_c12318 _d12318 |
||